| 000 | 00920nam a2200265Ia 4500 | ||
|---|---|---|---|
| 003 | OSt | ||
| 005 | 20220923211514.0 | ||
| 006 | a|||||r|||| 00| 0 | ||
| 007 | ta | ||
| 008 | 220922b |||||||| |||| 00| 0 san d | ||
| 020 |
_a9789380326603 (hbk) _c1000 |
||
| 024 | _a283,549 | ||
| 037 |
_b827, 03/03/2015, Anshika Book International _cTextual |
||
| 040 |
_aARTS _cARTS _bsan |
||
| 041 |
_2san _asan |
||
| 082 | _aNA44x1, 152P7.1-.2 | ||
| 100 | _aदानवराजमय | ||
| 245 | 0 | _aमयमतम् | |
| 246 | _aMayamatam | ||
| 260 |
_aवाराणसी _b चौखम्बा सुरभारती प्रकाशन _c2007 |
||
| 490 | _vभाग 1 | ||
| 650 |
_aल्थ्ल्त् क्ल्ज्ञ _9156276 |
||
| 942 |
_hNA44x1, 152P7.1-.2 _cTEXL _2CC |
||
| 999 |
_c300232 _d300232 |
||